Apología del tomo primero de la historia general profética de la orden de Ntra. Señora del Carmen

Detalles Bibliográficos
Autor principal: SANTA MARIA, Francisco de ( Fray )
Formato: Libro
Publicado: Valencia 1649
Materias:
Colección:Banco de datos
Acervo:Biblioteca del Museo Regional de Querétaro. INAH. Querétaro
Tema general:Religiosos
Notas:Regular. 3L3, 2
LEADER 00761nam a22001930004500
035 |a 20293 
036 |a 203 
100 1 |a SANTA MARIA, Francisco de ( Fray ) 
245 1 0 |a Apología del tomo primero de la historia general profética de la orden de Ntra. Señora del Carmen 
260 |a Valencia  |b Bernardo Nogués ed., Herederos de Crisóstomo Garriz imp.  |c 1649 
500 |a Regular. 3L3, 2 
650 1 0 |a Religiosos 
949 |a C.R.Q. 
959 |a Ex convento Grande de San Francisco de la ciudad de Querétaro, Museo Regional de Querétaro  |b CCC2 
960 |a Convento de Santa Teresa de la ciudad de Querétaro  |b DD97 
961 |a Carmelita  |b OCM 
942 |c C.R.Q. 
943 |g Biblioteca del Museo Regional de Querétaro. INAH. Querétaro 
999 |c 976609  |d 976609